Statistics for Sacramento Kings 2010s Top 10 Leaders

Click here to take the quiz!

General Stats

  • This quiz has been taken 22 times
  • The average score is 7 of 21

Answer Stats

Player % Correct
DeMarcus Cousins
83%
Buddy Hield
83%
De'Aaron Fox
78%
Willie Cauley-Stein
61%
Tyreke Evans
56%
Bogdan Bogdanovic
56%
Rajon Rondo
44%
Rudy Gay
39%
Ben McLemore
28%
Darren Collison
28%
Jason Thompson
28%
Kosta Koufos
22%
Isaiah Thomas
22%
Omri Casspi
22%
Spencer Hawes
11%
Carl Landry
11%
Beno Udrih
6%
Donté Greene
6%
Francisco Garcia
6%
Samuel Dalembert
0%
Marcus Thornton
0%

Score Distribution

Percentile by Number Answered

Percent of People with Each Score

Your Score History

You have not taken this quiz